Statistics for NBA regular stats 2019

Click here to take the quiz!

General Stats

  • This quiz has been taken 140 times
  • The average score is 4 of 6

Answer Stats

QuestionAnswer% Correct
Who is the leader is points per game (PPG)?James Harden
95%
Who is the leader in Assist?Russell Westbrook
92%
Who is the leader in Blocks?Rudy Gobert
90%
Who is the leader in Field Goal Percentage (FG%)?Montrezl Harrell
66%
Who is the leader in StealsThaddeus Young
60%
Who is the leader in Rebounds?Nikola Jokic
26%

Score Distribution

Percentile by Number Answered

Percent of People with Each Score

Your Score History

You have not taken this quiz